000 01237nam a22003257a 4500
003 CHAP
005 20220329134539.0
008 971013s1982 r 00010 d
010 _a21961
011 _a22933
035 _a27028
040 _cCHAP
090 _aTesis
100 0 0 _aAssad Morell, Alejandro Francisco.
_98136
245 _aEstudio de los efectos de la irradiaciones gamma Co60 en cebada (Hordeum vulgare L. var. California) en la generación M1, en el invernadero del ITESM, invierno 1981-82
260 _aMonterrey, N.L. :
_bEl autor,
_c1982
300 _a67 h.
_b; gráfs
502 _aTesis (M.C. Esp. en Fitomejoramiento) -- ITESM. División de Ciencias Agropecuarias y Marítimas. Escuela de Graduados en Agricultura
590 _aALEPH
_b10
_c20130110
_lUCH01
_h1246
590 _aBATCH-UPD
_b10
_c20130110
_lUCH01
_h0933
590 _aBATCH-UPD
_b10
_c20130410
_lUCH01
_h0551
590 _aBATCH-UPD
_b10
_c20130914
_lUCH01
_h0609
590 _aCONVERSION
_b10
_c20130109
_lUCH01
_h1313
650 1 4 _aCebada
_xMejoramiento.
_920695
650 1 4 _aMutación en plantas.
_979907
650 1 4 _aRayos gamma
_xEfectos fisiológicos.
_994860
901 _aBK
942 _cTESIS
949 _bBC
_cTES
_d-62467
_eTS1
_i27028
_si
999 _c21961
_d21961